[Event "HCL-C4032"]
[Site "www.playchess.de"]
[Date "2006.02.03"]
[Round "6"]
[White "ivofle"]
[Black "aussie"]
[WhiteElo "790"]
[BlackElo "1109"]
[PlyCount "58"]
[Result "0-1"]

1.e4 e5 2.a3 Nc6 3.Bb5 a6 4.Bc4 Nf6 5.Nf3 Bc5 
6.O-O O-O 7.Nc3 d6 8.d4 Nxd4 9.Nxd4 Bxd4 10.Nd5 
Nxe4 11.c3 Ba7 12.Bd3 Nc5 13.Bc2 c6 14.Ne3 e4 
15.Ng4 Bf5 16.Ne3 Bg6 17.Ng4 d5 18.Bf4 Ne6 19.Ne5 
Nxf4 20.Qg4 Nh5 21.Nxg6 fxg6 22.Rae1 Rf4 23.Qe6+ 
Rf7 24.Bd1 Nf4 25.Qg4 h5 26.Qg3 Bb8 27.Bxh5 Nxh5 
28.Qxg6 Qh4 29.Qe6 Qxh2+ 0-1

[Event "HCL-C4010"]
[Site "www.playchess.de"]
[Date "2006.02.04"]
[Round "1"]
[White "boya1"]
[Black "maximo"]
[WhiteElo "800"]
[BlackElo "800"]
[PlyCount "47"]
[Result "1-0"]

1.e4 Nf6 2.Qf3 Ng8 {me move in 1:oo to 1:00 hs}  
3.g3 f6 {me move in 1:00 to 1:00 hs}  4.Nc3 c6 
{Copiar:
Radio pessoal: http://www.kaboing.com.br/minharadio.php?estacao=electric} 
 5.Bh3 Nh6 6.b3 Na6 7.Nge2 Nb4 {it will be that it 
does not have a skill of people if to connect to 
the site of twenty in twenty minutes, or we mark 
one day, to be connected the InterNet, to finish 
the first stage it match?}  8.Kd1 Qa5 {connect to 
the site of twenty in twenty minutes}  9.a3 Na6 
10.d4 Qb6 11.Qh5+ Nf7 12.Be3 g6 
{uhahuahauhauahuahau!}  13.Qf3 Ng5 14.Bxg5 fxg5 
15.e5 Bg7 16.Re1 Rf8 17.Qg2 g4 18.Bxg4 c5 19.Nd5 
Qc6 20.Qe4 e6 21.Ndc3 d5 22.Qe3 cxd4 23.Nxd4 Qc7 
24.Bxe6 1-0

[Event "HCL-C3944"]
[Site "www.playchess.de"]
[Date "2006.02.04"]
[Round "2"]
[White "Djusta"]
[Black "Opps"]
[WhiteElo "1333"]
[BlackElo "1088"]
[PlyCount "83"]
[Result "1-0"]

1.e4 e5 2.Nf3 Nc6 3.d4 d6 4.dxe5 dxe5 5.Qxd8+ Nxd8 
6.Nxe5 f6 7.Nf3 Bd7 8.Nc3 Ne7 9.Bf4 Ne6 10.Bc4 
Nxf4 11.O-O O-O-O 12.Rfd1 Bg4 13.Rxd8+ Kxd8 
14.Rd1+ Bd7 15.Kf1 Kc8 16.Bb5 c6 17.Ba4 Neg6 
18.Nd4 Bg4 19.f3 Bd7 20.Bb3 Ne5 21.g3 Nh3 22.Be6 
Bc5 23.Bxd7+ Nxd7 24.f4 Re8 25.Kg2 Bd6 26.Nf5 
Nxf4+ 27.Kf1 g6 28.Nxd6+ Kd8 29.Nxe8 Kxe8 30.gxf4 
Nc5 31.e5 f5 32.Rd4 Ne6 33.Ra4 a6 34.Ne2 Nc5 
35.Rd4 Ke7 36.Kf2 Ne4+ 37.Ke3 g5 38.Ng3 Ke6 
39.Nxf5 Kxf5 40.Rxe4 h5 41.fxg5 Kxg5 
42.e6 1-0

[Event "HCL-C4090"]
[Site "www.playchess.de"]
[Date "2006.02.04"]
[Round "10"]
[White "epenz"]
[Black "nichju"]
[WhiteElo "952"]
[BlackElo "1003"]
[PlyCount "151"]
[Result "1-0"]

1.e4 {hallo...}  e5 {Hello epenz, good luck.}  
2.Nf3 {danke...fuer dich auch...}  Nc6 3.Nc3 Bc5 
4.Be2 Nf6 5.d3 O-O 6.O-O d6 7.Bg5 h6 8.Bxf6 Qxf6 
9.Nd5 Qd8 10.a3 Bg4 11.b4 Bd4 12.c3 Bb6 13.Nxb6 
axb6 14.h3 Bh5 15.d4 exd4 16.cxd4 Ne7 17.Re1 f5 
18.e5 dxe5 19.dxe5 Nd5 20.Bc4 c6 21.a4 Bf7 22.b5 
c5 23.Ra2 Nc3 24.Qxd8 Raxd8 25.Bxf7+ Rxf7 26.Raa1 
g5 27.Re3 Rd1+ 28.Rxd1 Nxd1 29.Re1 Nc3 30.Ra1 c4 
31.a5 Ne2+ 32.Kf1 Nc3 33.axb6 Nxb5 34.Rc1 c3 
35.Ke2 Re7 36.Kd3 g4 37.hxg4 fxg4 38.Ke4 gxf3 
39.gxf3 h5 40.f4 h4 41.f5 h3 42.f6 Rf7 43.Kf5 Nd4+ 
44.Ke4 Ne6 45.Kd3 h2 46.Kxc3 Rh7 47.Rh1 Rh3+ 
48.Kc4 Kh7 49.Kd5 Nf4+ 50.Kd6 Kg6 51.Ke7 Nd5+ 
52.Ke6 Nxb6 53.f7 Rh8 54.Ke7 Nd5+ 55.Kd6 Rd8+ 
56.Ke6 Nf4+ 57.Ke7 Kg7 58.Kxd8 Kxf7 59.Kd7 b5 
60.Rxh2 Nd3 61.Kd6 b4 62.f3 b3 63.Rd2 b2 64.Rd1 
Ke8 65.e6 Nf2 66.Rb1 Nd3 67.e7 Ne1 68.Rxe1 b1Q 
69.Rxb1 Kf7 70.Kd7 Kf6 71.e8Q Kf5 72.Qe4+ Kf6 
73.f4 Kf7 74.Rg1 Kf6 75.f5 Kf7 
76.Qe7+ 1-0

[Event "HCL-C4130"]
[Site "www.playchess.de"]
[Date "2006.02.04"]
[Round "18"]
[White "Skipper_Robert"]
[Black "epenz"]
[WhiteElo "986"]
[BlackElo "949"]
[PlyCount "63"]
[Result "1-0"]

1.d4 d5 2.Nc3 Nf6 3.e3 e6 4.Be2 Bd6 5.Nf3 O-O 
6.Bd3 Nc6 7.h3 a6 8.Qe2 b5 9.e4 Nb4 10.a3 Nxd3+ 
11.cxd3 Re8 12.e5 b4 13.Bd2 bxa3 14.bxa3 Bxa3 
15.Rxa3 Nd7 16.O-O f6 17.Bf4 Qe7 18.Raa1 Qb4 
19.Rac1 a5 20.Bd2 Qe7 21.Nb5 Ra6 22.Nxc7 Rd8 
23.Nxa6 a4 24.Nb4 Bb7 {halo...wohnst du in 
Deutschland? ist es nicht ein bisschen spaet dort 
bei dir?}  25.Rca1 {Ja, 1:30 Uhr, muss auch gleich 
schlafen}  Nb6 26.Rfc1 Ra8 27.Rc5 Nd7 28.Rc7 Bc8 
29.Nc6 Qf7 30.Bb4 Qe8 31.Qd1 Bb7 
32.Rxb7 1-0

[Event "HCL-B3847"]
[Site "www.playchess.de"]
[Date "2006.02.04"]
[Round "12"]
[White "evets"]
[Black "WStanEvans"]
[WhiteElo "1392"]
[BlackElo "1410"]
[PlyCount "78"]
[Result "0-1"]

1.d4 f5 2.Bg5 c6 3.e3 g6 4.Bc4 Bg7 5.Bxg8 Rxg8 
6.Nf3 h6 7.Bf4 d6 8.O-O Be6 9.Nc3 g5 10.Bg3 Bf7 
11.h3 Nd7 12.Re1 e5 13.dxe5 Nxe5 14.e4 f4 15.Bh2 
Qd7 16.Nxe5 Bxe5 17.f3 h5 18.Kh1 O-O-O 19.Bg1 Kb8 
20.Bd4 Qe7 21.a4 Qf6 22.Ne2 Be6 23.a5 a6 24.Bb6 
Rd7 25.c3 g4 26.Nd4 gxh3 27.Nxe6 hxg2+ 28.Kg1 Qxe6 
29.Kh2 Rg3 30.Kg1 Qh3 31.Kf2 h4 32.Rg1 Rdg7 33.Qd3 
Qd7 34.b4 h3 35.Bd4 Bxd4+ 36.Qxd4 h2 37.Rgd1 g1Q+ 
38.Rdxg1 hxg1Q+ 39.Rxg1 R3xg1 0-1

[Event "HCL-C3995"]
[Site "www.playchess.de"]
[Date "2006.02.04"]
[Round "18"]
[White "jlms"]
[Black "Doc"]
[WhiteElo "1230"]
[BlackElo "1090"]
[PlyCount "45"]
[Result "1-0"]

1.e4 e5 2.Nf3 Nc6 3.d4 Nf6 4.Nc3 Bb4 5.Qd3 d6 6.d5 
Ne7 7.a3 Ba5 8.b4 Bb6 9.a4 Ng4 10.Be3 Ng6 11.Be2 
Nf4 12.Qd2 Nxf2 13.Kxf2 Qf6 14.Bb5+ c6 15.dxc6 O-O 
16.Bxb6 axb6 17.Nd5 Qd8 18.c7 Qe8 19.Bxe8 Rxe8 
20.Nxb6 Ra7 21.Qxd6 Ne6 22.Ng5 Nxc7 
23.Qxc7 1-0

[Event "HCL-B3781"]
[Site "www.playchess.de"]
[Date "2006.02.04"]
[Round "18"]
[White "Jule"]
[Black "Lichte"]
[WhiteElo "1407"]
[BlackElo "1200"]
[PlyCount "28"]
[Result "1-0"]

1.Nf3 d5 2.d4 Nf6 3.h3 e6 4.c3 Be7 5.Bf4 O-O 6.e3 
Nbd7 7.Bd3 b6 8.O-O Bb7 9.Qc2 Rc8 10.Ne5 c5 11.b3 
Bd6 12.Nd2 Qc7 13.Rac1 Nxe5 14.Bxe5 
Bxe5 1-0

[Event "HCL-B3781"]
[Site "www.playchess.de"]
[Date "2006.02.04"]
[Round "13"]
[White "Lichte"]
[Black "newplayer"]
[WhiteElo "1200"]
[BlackElo "1075"]
[PlyCount "59"]
[Result "0-1"]

1.d4 d5 2.Nf3 Nf6 3.Bg5 Ne4 4.Bh4 f6 5.Nbd2 g5 
6.Bg3 Nxg3 7.hxg3 Bg4 8.e3 e5 9.dxe5 fxe5 10.e4 
dxe4 11.Nxe4 Qxd1+ 12.Rxd1 h6 13.Nf6+ Kf7 14.Nxg4 
e4 15.Bc4+ Kg7 16.Nfe5 h5 17.Ne3 Bd6 18.Nf7 Rf8 
19.Nf5+ Kf6 20.N5xd6 cxd6 21.Rxd6+ Ke7 22.Rg6 Rxf7 
23.Bxf7 h4 24.Be6 Nd7 25.Bxd7 Rd8 26.Rxg5 Kf6 
27.Rd5 hxg3 28.Rh6+ Kg7 29.Rdd6 Rxd7 
30.Rxd7+ 0-1

[Event "HCL-B3781"]
[Site "www.playchess.de"]
[Date "2006.02.04"]
[Round "2"]
[White "Lichte"]
[Black "ama49"]
[WhiteElo "1200"]
[BlackElo "1217"]
[PlyCount "35"]
[Result "0-1"]

1.d4 Nf6 {Greetings from Scotland}  2.Bg5 
{Regards}  Ne4 3.Bh4 d5 4.Nd2 Nxd2 5.Qxd2 Nc6 
6.Nf3 g6 7.e3 Bg7 8.c4 dxc4 9.Bxc4 O-O 10.O-O Qd6 
11.Ng5 Ne5 12.Bb3 Ng4 13.g3 Nf6 14.Nxf7 Rxf7 
15.Bxf7+ Kxf7 16.Bxf6 Bxf6 17.Rac1 e5 
18.d5 0-1

[Event "HCL-B3781"]
[Site "www.playchess.de"]
[Date "2006.02.04"]
[Round "6"]
[White "Lichte"]
[Black "Iron_Flower"]
[WhiteElo "1200"]
[BlackElo "1234"]
[PlyCount "33"]
[Result "0-1"]

1.d4 d5 {Hi, from Leeuwarden, the Netherlands}  
2.Nf3 {Regards}  Nf6 3.Bg5 e6 4.Nbd2 Be7 5.e3 O-O 
6.Bd3 Nbd7 7.c3 h6 8.Bxf6 Nxf6 9.O-O Bd7 10.c4 c6 
11.Rc1 Rc8 12.Ne5 dxc4 13.Ndxc4 Nd5 14.Nxd7 Qxd7 
15.a3 b5 16.Ne5 Qe8 17.Qd2 0-1

[Event "HCL-B3799"]
[Site "www.playchess.de"]
[Date "2006.02.04"]
[Round "2"]
[White "gronico"]
[Black "ariel1978"]
[WhiteElo "1121"]
[BlackElo "1332"]
[PlyCount "55"]
[Result "1/2-1/2"]

1.e4 c5 2.c3 d6 3.Bb5+ Nc6 4.d4 Qa5 5.Bxc6+ bxc6 
6.Bd2 Rb8 7.b3 cxd4 8.cxd4 Qc7 9.Nc3 Nf6 10.Nf3 
Bg4 11.h3 Bxf3 12.Qxf3 e6 13.O-O Be7 14.Rfe1 O-O 
15.Bg5 Rb4 16.e5 Nd5 17.Bxe7 Qxe7 18.Nxd5 cxd5 
19.exd6 {(offering draw)}  Qxd6 20.Rac1 Rxd4 
21.Rc2 Rf4 22.Qg3 Qb4 23.Rce2 h5 24.Qe3 Rc8 25.a3 
Qd6 26.Qxa7 Rc7 27.Qb8+ Kh7 28.a4 {(offering 
draw)}  1/2-1/2

[Event "HCL-C4061"]
[Site "www.playchess.de"]
[Date "2006.02.04"]
[Round "2"]
[White "mothball"]
[Black "Mongol"]
[WhiteElo "1292"]
[BlackElo "1229"]
[PlyCount "80"]
[Result "0-1"]

1.Nf3 d5 2.g3 Nc6 3.Bg2 e5 4.d3 d4 5.c3 Be7 6.Qa4 
Bd7 7.Nxe5 Nxe5 8.Qxd4 Bf6 9.Qe3 Ne7 10.Bxb7 Ng4 
11.Qd2 Rb8 12.Bg2 h6 13.O-O Bg5 14.e3 Be6 15.Qe2 
Rb6 16.h3 Ne5 17.d4 Bc4 18.Qd1 Bxf1 19.Bxf1 Rg6 
20.Nd2 h5 21.dxe5 f5 22.exf6 Bxf6 23.Qa4+ Kf8 
24.Qxa7 h4 25.g4 Qd7 26.f3 Nf5 27.Ne4 Be5 28.Qc5+ 
Ke8 29.Bb5 c6 30.Qxe5+ Re6 31.Qxf5 Rf8 32.Qh5+ g6 
33.Qxh4 Qd1+ 34.Bf1 Rxe4 35.b4 Rxf3 36.Bb2 Rxf1+ 
37.Kg2 Qf3+ 38.Kh2 Rf2+ 39.Qxf2 Qxf2+ 40.Kh1 
Qxe3 0-1

[Event "HCL-C4061"]
[Site "www.playchess.de"]
[Date "2006.02.04"]
[Round "3"]
[White "daveboy6968"]
[Black "mothball"]
[WhiteElo "1008"]
[BlackElo "1292"]
[PlyCount "72"]
[Result "0-1"]

1.e4 {hello good luck+happy new year :-)}  c5 
{Happy new year}  2.d4 {:-) thanks}  cxd4 3.Qxd4 
Nc6 4.Qc3 e6 5.Bc4 Bb4 6.Qxb4 {oops :-(}  Nxb4 
7.Kd2 Qg5+ 8.Kd1 Qxg2 9.Nf3 Qxh1+ 10.Ne1 Qxe4 
11.b3 Qd4+ 12.Nd3 Nxd3 13.Bxd3 Qxf2 14.Bd2 Nf6 
15.Be1 Qxh2 16.Nd2 d5 17.Nf3 Qc7 18.Nd4 O-O 19.Bb4 
Re8 20.Kd2 Ne4+ 21.Bxe4 dxe4 22.Nb5 Rd8+ 23.Kc1 
Qe5 24.Nc3 e3 25.Rb1 Qd4 26.Kb2 e2 27.Re1 Qxb4 
28.Rxe2 b5 29.Re5 Rd1 30.Nxd1 Qd4+ 31.Nc3 Qxe5 
32.a4 b4 33.a5 Qxc3+ 34.Kc1 Ba6 35.Kd1 Rd8+ 36.Kc1 
Qa1+ 0-1

[Event "HCL-E1535"]
[Site "www.playchess.de"]
[Date "2006.02.04"]
[Round "1"]
[White "temple"]
[Black "ippuli"]
[WhiteElo "1727"]
[BlackElo "1614"]
[PlyCount "68"]
[Result "0-1"]

1.d4 {Happy New Year!}  Nf6 {You,too...}  2.c4 e5 
3.d5 Bc5 4.Nf3 d6 5.Nc3 Bg4 6.h3 Bxf3 7.exf3 O-O 
8.Bd3 Re8 9.O-O Nh5 10.Qc2 g6 11.Ne4 Bb6 12.Be3 f5 
13.Nc3 f4 14.Bxb6 axb6 15.Bxg6 hxg6 16.Qxg6+ Ng7 
17.Ne4 Nd7 18.g3 fxg3 19.fxg3 Qe7 20.Ng5 Qf6 
21.Qh7+ Kf8 22.h4 Nc5 23.b4 Na6 24.a3 Rad8 25.f4 
e4 26.h5 Rd7 27.h6 Qd4+ 28.Kh1 e3 29.hxg7+ Rxg7 
30.Qf5+ Kg8 31.Ne6 Rxe6 32.Qxe6+ Kf8 33.Rae1 Rxg3 
34.Rfg1 Qh8+ {Wrong move! Mate in one.... Thank 
you!}  0-1

[Event "HCL-B3856"]
[Site "www.playchess.de"]
[Date "2006.02.04"]
[Round "5"]
[White "chessH"]
[Black "jpv"]
[WhiteElo "1262"]
[BlackElo "1232"]
[PlyCount "43"]
[Result "1-0"]

1.e4 c5 2.Nf3 Nc6 3.Be2 d6 4.O-O Nf6 5.d4 cxd4 
6.Nxd4 g6 7.Nc3 Bg7 8.Bb5 Qb6 9.Bxc6+ bxc6 10.Be3 
Qxb2 11.Qe1 Nxe4 12.Nxe4 Bxd4 13.Bxd4 Qxd4 14.c3 
Qd5 15.Rd1 Qxa2 16.Nxd6+ Kf8 17.Nxc8 Rxc8 18.Qe5 
f6 19.Qd4 Kf7 20.Qc5 Qc2 21.Rfe1 Rhe8 
22.Rd7 1-0

[Event "HCL-A2469"]
[Site "www.playchess.de"]
[Date "2006.02.04"]
[Round "1"]
[White "schachsky"]
[Black "Zembla"]
[WhiteElo "1195"]
[BlackElo "1448"]
[PlyCount "76"]
[Result "0-1"]

1.e4 {Hello have a nice game!}  e5 {Thanks, you 
too}  2.Nf3 Nf6 3.Nc3 Nc6 4.Bc4 Nxe4 5.Bxf7+ Kxf7 
6.Nxe4 d5 7.Neg5+ Kg8 8.d3 h6 9.Nh3 Kh7 10.Qe2 
Bb4+ 11.c3 Nd4 12.Nxd4 exd4 13.O-O dxc3 14.a3 cxb2 
15.Qxb2 Bxh3 16.axb4 Bf5 17.Qd4 Qf6 18.Qxf6 gxf6 
19.d4 Be4 20.f3 Bd3 21.Re1 Rhg8 22.Re6 {best 
wishes for 2006!}  Kg6 {thanks & you & yours too}  
23.h4 Rae8 24.Re3 Kf5 25.g4+ Kg6 26.Rxd3 Re1+ 
27.Kf2 Rge8 28.Re3 R8xe3 29.h5+ {oopsy, I made a 
mistake!}  Kh7 {I thought so}  30.Rxa7 {-:)}  
R3e2+ 31.Kg3 Rxc1 32.Rxb7 Rd2 33.Kf4 Rxd4+ 34.Ke3 
Rdc4 35.b5 R1c3+ 36.Kf2 Rb4 37.Kg3 d4 38.b6 
Rxb6 0-1

[Event "HCL-B3765"]
[Site "www.playchess.de"]
[Date "2006.02.04"]
[Round "11"]
[White "Sonea"]
[Black "wshlj3"]
[WhiteElo "1333"]
[BlackElo "1204"]
[PlyCount "106"]
[Result "1/2-1/2"]

1.d3 {Hello from Imardin, Kyralia}  d5 {Hello,have 
a nice game.}  2.Nd2 e5 3.Ngf3 Nc6 4.e4 Nf6 5.c3 
Bg4 6.Be2 Bc5 7.O-O O-O 8.Qc2 dxe4 9.dxe4 a6 10.b4 
Ba7 11.Nc4 Re8 12.Bg5 h6 13.Bxf6 Qxf6 14.a4 Nb8 
15.Rad1 Nd7 16.h3 Be6 17.Ne3 Nf8 18.Nh2 Ng6 19.Bg4 
Nf4 20.Bxe6 Qxe6 21.Nd5 Nxd5 22.Rxd5 f5 23.Rd2 
Ref8 24.exf5 Rxf5 25.Nf3 Raf8 26.Qe4 c6 27.c4 g5 
28.c5 R5f4 29.Qb1 Bb8 30.Nh2 e4 31.Re2 Qc4 32.Rc2 
Qe6 33.Re2 Re8 34.Ng4 Kg7 35.Ne3 Rh4 36.Ng4 h5 
37.Qb2+ Kg6 38.f4 Rf8 39.Ne5+ Bxe5 40.Qxe5 Qxe5 
41.fxe5 Rhf4 42.Rxf4 gxf4 43.Rxe4 Kf5 44.Re1 Re8 
45.e6 {(offering draw)}  Rxe6 {Maybe I have a 
better King position.}  46.Rxe6 Kxe6 47.Kf2 {With 
the isolated pawn on f4?}  Ke5 {I don't know.Maybe 
it's a pass pawn.
I'll figure out a plan.}  48.Kf3 Kf5 49.h4 Ke5 
50.Kf2 Ke4 51.Ke2 Ke5 52.Kd3 Kf5 53.Kd4 Kg4 
{(offering draw)}  1/2-1/2

[Event "HCL-A2516"]
[Site "www.playchess.de"]
[Date "2006.02.04"]
[Round "36"]
[White "schachsky"]
[Black "Matu"]
[WhiteElo "1141"]
[BlackElo "1564"]
[PlyCount "72"]
[Result "0-1"]

1.d4 {Oops,so schnell muss Ich schon wieder mich 
messen an dir-:) Schöne Partie zugewünscht!}  Nf6 
{danke gleichfalls}  2.Nf3 e6 3.Nc3 d5 4.Bg5 Be7 
5.e4 dxe4 6.Bxf6 exf3 7.Bxe7 fxg2 8.Bxg2 Qxe7 
9.Qd2 c6 10.O-O-O Nd7 11.Rhe1 Nf6 12.h3 Bd7 13.Kb1 
O-O-O 14.d5 {Alle Gutes für das neues Jahr!}  cxd5 
{danke gleichfalls}  15.Ne2 Qc5 16.f4 Kb8 17.b4 
Qb6 18.a3 a5 19.c3 axb4 20.cxb4 Qf2 21.Reg1 Bb5 
22.Nd4 Qxd2 23.Rxd2 Ba4 24.Re1 g6 25.Kb2 Nh5 
26.Rf2 Rdc8 27.Ree2 Rc4 28.Bf1 Rxd4 29.Re1 Rxf4 
30.Rd2 Rc8 31.Bd3 Rf3 32.Rh1 Nf4 33.Be2 Nxe2 
34.Rxe2 Rcc3 35.Rhh2 Rcxa3 36.Ref2 {nicht zu 
halten ....}  Rfb3+ 0-1

[Event "HCL-B3831"]
[Site "www.playchess.de"]
[Date "2006.02.04"]
[Round "2"]
[White "schachsky"]
[Black "Akkarin"]
[WhiteElo "1192"]
[BlackElo "1333"]
[PlyCount "68"]
[Result "1/2-1/2"]

1.e4 {Hoi, prettige partij!}  d6 {Dank je, jij 
ook.}  2.d4 Nf6 3.Nc3 Nbd7 4.Bd3 e5 5.d5 c6 6.Nf3 
Be7 7.Be3 Qc7 8.O-O O-O 9.Bc4 a6 10.a4 b6 11.b4 
Bb7 12.Rb1 c5 13.b5 a5 14.Qd2 Rfd8 15.Ne2 Nf8 
16.Ba2 Ng6 17.Qd3 Bc8 18.Bg5 Bg4 19.h3 Bxf3 
20.Qxf3 Rab8 21.Ng3 Rdf8 22.c4 Nxd5 23.Bxe7 Ndxe7 
24.Nf5 Nxf5 25.Qxf5 f6 26.Rb3 Qc8 27.g4 Qxf5 
28.gxf5 Nf4 29.Re3 Rb7 30.Kh2 g5 31.Bb3 h5 32.Bd1 
Rh7 33.f3 g4 34.fxg4 hxg4 {(offering draw)} 
 1/2-1/2

[Event "HCL-B3768"]
[Site "www.playchess.de"]
[Date "2006.02.04"]
[Round "2"]
[White "Huib"]
[Black "KAzUl_4"]
[WhiteElo "1252"]
[BlackElo "1212"]
[PlyCount "31"]
[Result "1-0"]

1.h3 d5 2.Nf3 Nf6 3.d4 Nc6 4.e3 e6 5.Nc3 Bb4 6.Bd2 
Bxc3 7.Bxc3 Ne4 8.Bd3 O-O 9.Bxe4 dxe4 10.Nd2 Qd5 
11.Qg4 e5 12.Qxe4 Qb5 13.dxe5 Re8 14.f4 g6 
15.O-O-O Bf5 16.Qf3 1-0

[Event "HCL-B3847"]
[Site "www.playchess.de"]
[Date "2006.02.04"]
[Round "21"]
[White "evets"]
[Black "IRONMAIDEN"]
[WhiteElo "1392"]
[BlackElo "1253"]
[PlyCount "97"]
[Result "1-0"]

1.Nf3 d5 2.d4 Nc6 3.Nbd2 Nf6 4.e3 Bg4 5.c3 Ne4 
6.Qb3 Nxd2 7.Nxd2 Rb8 8.Bb5 a6 9.Bxc6+ bxc6 10.Qa4 
Rb6 11.c4 e6 12.c5 Rb5 13.Qxa6 h6 14.Qxc6+ Qd7 
15.Qa8+ Ke7 16.a4 Rb4 17.b3 c6 18.Ba3 Rb7 19.b4 g6 
20.b5 Bg7 21.Qa5 Rhb8 22.b6 Kf8 23.Qc3 Kg8 24.e4 
f6 25.f4 Ra8 26.Bb2 Qe7 27.a5 dxe4 28.Nxe4 f5 
29.Nd6 Rd8 30.Nxb7 Qxb7 31.a6 Qa8 32.Qb4 Qb8 33.g3 
Bf3 {I see we have 4 games going now - hope you 
like it.}  34.Rf1 {Should be interesting!!}  Be4 
35.a7 Qb7 36.Ke2 Kh7 37.Ra3 Qd7 38.b7 Qd5 39.a8Q 
Bd3+ 40.Kxd3 Qe4+ 41.Kd2 Qg2+ 42.Ke1 Qe4+ 43.Kd1 
Qb1+ 44.Kd2 Qxf1 45.Qxd8 Qf2+ 46.Kc1 Qf1+ 47.Kc2 
Qe2+ 48.Kb1 Qe4+ 49.Ka2 1-0

[Event "HCL-B3818"]
[Site "www.playchess.de"]
[Date "2006.02.04"]
[Round "6"]
[White "Clarion"]
[Black "Kannsnich"]
[WhiteElo "1131"]
[BlackElo "1228"]
[PlyCount "56"]
[Result "0-1"]

1.d4 Nf6 2.Bg5 Ne4 3.Be3 g6 4.f3 Nf6 5.Nc3 Bg7 
6.g4 O-O 7.h4 h5 8.Qd2 hxg4 9.fxg4 Nxg4 10.h5 Nxe3 
11.Qxe3 Nc6 12.Nf3 d6 13.Ne4 Bg4 14.h6 Bf6 15.Nfg5 
Bxd4 16.Qf4 Bf5 17.c3 Be5 18.Qh4 Bxe4 19.Nxe4 e6 
20.h7+ Kh8 21.Ng5 Bf6 22.Rg1 Bxg5 23.Rxg5 Ne7 
24.Bg2 Nf5 25.Qf4 Rb8 26.e4 Ng7 27.e5 dxe5 28.Qxe5 
f6 0-1

[Event "HCL-A2550"]
[Site "www.playchess.de"]
[Date "2006.02.04"]
[Round "9"]
[White "kylejmiles"]
[Black "Josef1901"]
[WhiteElo "1472"]
[BlackElo "1579"]
[PlyCount "46"]
[Result "0-1"]

1.e4 c5 2.Nf3 d6 3.d4 cxd4 4.Nxd4 Nf6 5.Nc3 a6 
6.Bc4 e6 7.O-O Be7 8.Be3 Qc7 9.Bb3 O-O 10.Qe1 Nc6 
11.Kh1 b5 12.a3 Nxd4 13.Bxd4 Bb7 14.f3 Rac8 15.Rd1 
Rfd8 16.Qg3 d5 17.e5 Nd7 18.f4 Bc5 19.Ne2 Nb6 
20.f5 exf5 21.Rxf5 Rde8 22.Rdf1 Ref8 23.Qg4 
Rce8 0-1

[Event "HCL-A2586"]
[Site "www.playchess.de"]
[Date "2006.02.04"]
[Round "10"]
[White "dynamike"]
[Black "MimiSiku"]
[WhiteElo "1431"]
[BlackElo "1457"]
[PlyCount "59"]
[Result "1-0"]

1.e4 e6 2.d4 d5 3.Nc3 Bb4 4.e5 c5 5.a3 Bxc3+ 
6.bxc3 Qa5 7.Bd2 c4 8.Qg4 g6 9.h4 Ne7 10.Ne2 Nbc6 
11.h5 Bd7 12.hxg6 fxg6 13.Nf4 Nf5 14.Nxg6 Rg8 
15.Rxh7 O-O-O 16.Qh5 Kb8 17.Nf4 Be8 18.Qh3 Bd7 
19.g4 Nfe7 20.Rh6 Rde8 21.Nh5 Rg6 22.Nf6 Rd8 
23.Nxd7+ {Attacke !!!}  Rxd7 {Ich kann mir nicht 
helfen: Irgendwie gefällt mir die Stellung 
nicht...}  24.Rh8+ {kann ich verstehen...mir 
gefällt sie dafür umso besser...Du solltest 
überlegen, ob c4 in dieser Eröffnung brauchbar 
ist}  Rd8 {Der entscheidende Fehler war 13. ..Sf5. 
Da hab ich die Partie weggeworfen! Davon abgesehen 
bin ich hier nicht unbedingt, um zu gewinnen, 
sondern zum Ausprobieren neuer Varianten.}  25.Be2 
{Na, da bin ich ja froh}  Nf5 {Du sprichst sehr 
gut Deutsch!?}  26.gxf5 {Ja, aber leider kein 
holländisch :) Ich bin hier in Deutschland geboren 
und habe immer hier gelebt. Insofern bin ich 
eigentlich mehr Deutscher als Holländer. Dennoch, 
ich habe einen holländischen Paß. Das ersparte mir 
die Bundeswehr :)}  Rg1+ {Das ist natürlich ein 
gewichtiger Grund... :-)}  27.Bf1 {Schickst Du 
Deine Pferde immer in die ewigen Jagdgründe ? :)}  
exf5 {Hab den Läufer übersehen. Ist aber 
wahrscheinlich eh egal... :-(}  28.Rxd8+ {Och, 
immer diese negative Wellen :)}  Qxd8 {Ich spiel 
im Verein - normalerweise weiß ich da, wann ich 
aufzuhören habe}  29.e6 {Ich spiele auch im 
Verein; sogar an Brett Nr. 1 in einer der 
untersten Ligen in Deutschland :) 
Baden-Württemberg A-Klasse (ergebnisse.svw.info/show/2005/2/tabelle/) 
Aber hier spiele ich superschnell und patze 
dementsprechend viel.}  Qe7 {Geht mir genauso. 
Aber immerhin spielen wir 'ne Klasse höher ;-) 
(www.sk79.de)}  30.Qh2+ {Aber Du spielst nicht an 
Brett 1, oder ? :-) Wir spielen demnächst sogar 
noch eine Klasse niedriger. Da werde ich mich dann 
wahrscheinlich zurückziehen. In der Klasse dürfte 
ich unterfordert sein und unsere erste in der 
Bezirksliga mag ich nicht spielen.} 
 1-0

[Event "HCL-B3864"]
[Site "www.playchess.de"]
[Date "2006.02.04"]
[Round "6"]
[White "pirracas"]
[Black "odin"]
[WhiteElo "1727"]
[BlackElo "1506"]
[PlyCount "29"]
[Result "1-0"]

1.e4 e5 2.Nf3 {Hi from Xalapa Mexico, little far 
from Estonia}  Nc6 3.Bc4 d6 4.d3 h6 5.Be3 Nf6 
6.O-O Bg4 7.Nbd2 Be7 8.c3 O-O 9.Qc2 Be6 10.Qb3 
Bxc4 11.Nxc4 b6 12.Rad1 d5 13.Ncxe5 Nxe5 14.Nxe5 
Bd6 15.Nc6 1-0

[Event "HCL-B3864"]
[Site "www.playchess.de"]
[Date "2006.02.04"]
[Round "5"]
[White "odin"]
[Black "eisbaer17"]
[WhiteElo "1506"]
[BlackElo "1235"]
[PlyCount "30"]
[Result "0-1"]

1.e4 c5 2.Nf3 Nc6 3.Nc3 g6 4.Bb5 Bg7 5.d3 Qa5 
6.Bd2 Bxc3 7.Bxc3 Qxb5 8.Bxh8 d6 9.Bc3 Bg4 10.h3 
Bxf3 11.Qxf3 Nd4 12.Qd1 Nf6 13.O-O O-O-O 14.f4 e5 
15.fxe5 Nh5 0-1

[Event "HCL-B3864"]
[Site "www.playchess.de"]
[Date "2006.02.04"]
[Round "10"]
[White "odin"]
[Black "bob19"]
[WhiteElo "1506"]
[BlackElo "1421"]
[PlyCount "25"]
[Result "0-1"]

1.e4 c5 2.Nf3 d6 3.d4 cxd4 4.Nxd4 Nf6 5.Nc3 a6 
6.Bg5 e6 7.f4 Be7 8.Bc4 O-O 9.Nf3 Qc7 10.Bb3 Nbd7 
11.O-O b5 12.Qd3 Bb7 13.Bxf6 0-1

[Event "HCL-E1514"]
[Site "www.playchess.de"]
[Date "2006.02.04"]
[Round "17"]
[White "gambitfan"]
[Black "Andy1"]
[WhiteElo "1350"]
[BlackElo "1399"]
[PlyCount "45"]
[Result "1-0"]

1.e4 d5 2.exd5 Nf6 3.d4 Nxd5 4.Nf3 Bg4 5.Be2 Nc6 
6.O-O e6 7.c4 Nf6 8.Nc3 Bb4 9.Be3 O-O 10.Qc2 Qe7 
11.Ne4 Nxe4 12.Qxe4 Bf5 13.Qf4 Bd6 14.Qh4 Qd7 
15.Rad1 Be7 16.Qg3 Rad8 17.a3 Bf6 18.Qf4 h6 19.h4 
Ne7 20.b3 c6 21.Ne5 Qc7 22.Rd2 Ng6 
23.Nxg6 1-0

[Event "HCL-E1533"]
[Site "www.playchess.de"]
[Date "2006.02.04"]
[Round "14"]
[White "temple"]
[Black "Matu"]
[WhiteElo "1727"]
[BlackElo "1553"]
[PlyCount "77"]
[Result "1/2-1/2"]

1.d4 {Hello again}  Nf6 {hello again}  2.c4 e6 
3.Nf3 d5 4.e3 a6 5.Nc3 {Happy New Year!}  dxc4 
{For you too}  6.Bxc4 b5 7.Bd3 Bb7 8.O-O Nbd7 9.a3 
c5 10.Qe2 Be7 11.Rd1 Qc7 12.b3 O-O 13.Bb2 Rac8 
14.Rac1 Qb6 15.h3 Rfe8 16.Bb1 g6 17.e4 cxd4 
18.Nxd4 Bf8 19.b4 Bg7 20.Ba2 Nb8 21.Nb3 Red8 
22.Rxd8+ Rxd8 23.Nc5 Bc8 24.Nd1 Nbd7 25.Nxd7 Nxd7 
26.Bxg7 Kxg7 27.Qb2+ Kg8 28.Ne3 Bb7 29.Bb1 Qd6 
30.Qe2 Nf6 31.Rd1 Qe7 32.e5 Nd5 33.Nxd5 Rxd5 
34.Ba2 Rxd1+ 35.Qxd1 Qc7 36.f4 Qc3 37.Qd8+ Kg7 
38.Qf6+ Kg8 39.Qd8+ {(offering draw)} 
 1/2-1/2

[Event "HCL-E1506"]
[Site "www.playchess.de"]
[Date "2006.02.04"]
[Round "3"]
[White "Dr_Matt"]
[Black "Omni"]
[WhiteElo "2000"]
[BlackElo "1561"]
[PlyCount "51"]
[Result "1-0"]

1.d4 d5 2.c4 {Hello Omni!}  c6 {hi and good luck}  
3.Nf3 Nf6 4.Nc3 e6 5.Bg5 Nbd7 6.cxd5 cxd5 7.e3 Be7 
8.Bd3 O-O 9.O-O b6 10.Rc1 Bb7 11.Qb3 a6 12.a4 Rc8 
13.Rc2 h6 14.Bh4 Nh5 15.Bxe7 Qxe7 {Merry Xmas !!}  
16.Ne5 Nhf6 17.f4 Qd6 18.g4 Ne4 19.Nxd7 Qxd7 
20.Qxb6 Rc6 21.Qb3 Nd6 22.Rf3 Rfc8 23.Rg2 Ne4 
24.Bxe4 dxe4 25.Rh3 R8c7 26.Qd1 1-0